UK Youtubers - Statistics

General Stats
  • This quiz has been taken 309 times
  • The average score is 12 of 50
Answer Stats
Hint Answer % Correct
1. KSI
95%
3. Miniminter
81%
2. W2S
76%
7. Vikkstar123
68%
6. Zerkaa
68%
4. Behzinga
66%
8. Calfreezy
59%
5. TBJZL
56%
10. Callux
55%
9. ChrisMD
52%
14. WillNE
44%
21. Chunkz
37%
26. Randolph
37%
12. Deji
33%
20. Niko Omilana
29%
11. Theo Baker
27%
23. Sharky
26%
24. Aj Shabeel
23%
27. Talia Mar
22%
34. Zoe Sugg
22%
36. Joe Weller
21%
42. DanTDM
19%
15. Memeulous
19%
19. James Marriott
16%
18. ImAllexx
15%
13. AnEsonGib
14%
43. TommyInnIt
14%
32. bambinobecky
12%
37. REEV
10%
17. JMX
9%
35. ThatcherJoe
9%
22. KingKennyTv
8%
44. Tubbo
8%
29. Freya Nightingale
7%
45. Wilbur Soot
7%
39. Ali-A
6%
28. Elz the Witch
6%
40. F2Freestylers - Ultimate Soccer Skills Channel
6%
33. Pieface23
6%
16. Morgz
5%
31. AJ3
4%
30. Lauren Alexis
4%
50. AmazingPhil
3%
49. JackSucksAtLife
3%
41. LDShadowLady
3%
25. Johnny Carey
2%
38. SV2
2%
47. Roxxsaurus
1%
46. Emily Canham
0%
48. Sweet Anita
0%
No matching quizzes found
Score Distribution
Percent of People with Each Score
Percentile by Number Answered
Your Score History
You have not taken this quiz